| 000 | 00387nam a2200145Ia 4500 | ||
|---|---|---|---|
| 008 | 150201s2007 xx 000 0 und d | ||
| 082 |
_a617.6 _bM2007W |
||
| 100 | _aWILSON, NAIRNTIF | ||
| 245 | _aMINIMALLY INVASIVE DENTISTRY | ||
| 250 | _a1ST | ||
| 260 |
_bQUINTESSENCE PUBLICATION _aCHICAGO _c2007 |
||
| 300 | _a1-154 | ||
| 650 | _aPREVENTIVE AND COMMUNITY DENTISTRY | ||
| 942 |
_2ddc _cBK |
||
| 999 |
_c4492 _d4492 |
||